Estudio de los campos magnéticos en las redes de distribución de media y baja tensión de empresas distribuidoras de energía eléctrica

সংরক্ষণ করুন:
গ্রন্থ-পঞ্জীর বিবরন
প্রধান লেখক: Alfaro Madrigal, Marianne
অন্যান্য লেখক: Andrés Jácome, Luis Fernando, 1964- Director de Proyecto Eléctrico
বিন্যাস: গ্রন্থ
ভাষা:Spanish
প্রকাশিত: [San José, Costa Rica] 2012
বিষয়গুলি:
ট্যাগগুলো: ট্যাগ যুক্ত করুন
কোনো ট্যাগ নেই, প্রথমজন হিসাবে ট্যাগ করুন!

MARC

LEADER 00000nam a22000007a 4500
003 010869
005 20230626120012.0
008 151022b2012 cr a|||| |||| 00| 0 spa d
040 |c cru CEDI  
090 |a TFG 6691 
100 |9 1748  |a Alfaro Madrigal, Marianne 
245 |a  Estudio de los campos magnéticos en las redes de distribución de media y baja tensión de empresas distribuidoras de energía eléctrica  
260 |a [San José, Costa Rica]  |c  2012 
500 |a Proyecto de graduación (bachillerato en ingeniería)--Universidad de Costa Rica. Facultad de Ingeniería. Escuela de Ingeniería Eléctrica 
501 |a Profesor Guía de IE-0502 Proyecto Eléctrico: Ing. Luis Fernando Andrés Jácome  
648 |x MATERIALES MAGNETICOS   |x CONDUCTORES ELECTRICOS   |x CAMPOS MAGNETICOS - MEDICION  |x DISTRIBUCION DE ENERGIA ELECTRICA  |x CAMPOS ELECTROMAGNETICOS   |9 1749 
700 |9 715  |a Andrés Jácome, Luis Fernando, 1964-  |d Director de Proyecto Eléctrico  
942 |c CEDI  |h TFG 6691  |6 TFG_6691_000000000000000 
999 |c 14253  |d 14253